Загрузка...
Alan Simpson's Windows XP bible /
| Главный автор: | |
|---|---|
| Другие авторы: | |
| Формат: | Printed Book |
| Язык: | English |
| Опубликовано: |
New Delhi :
Hungry Minds, IDG books,
c2001.
|
| Предметы: | |
| Online-ссылка: | http://www.loc.gov/catdir/bios/wiley045/2001092883.html http://www.loc.gov/catdir/description/wiley038/2001092883.html http://www.loc.gov/catdir/toc/wiley021/2001092883.html |
| LEADER | 01244cam a22003014a 4500 | ||
|---|---|---|---|
| 008 | 010622s2001 nyua 001 0 eng | ||
| 010 | |a 2001092883 | ||
| 020 | |a 0764548603 | ||
| 042 | |a pcc | ||
| 082 | 0 | 0 | |a 005.4469 |2 21 |
| 100 | 1 | |a Simpson, Alan, | |
| 245 | 1 | 0 | |a Alan Simpson's Windows XP bible / |c Alan Simpson, with Brian Underdahl. |
| 260 | |a New Delhi : |b Hungry Minds, |b IDG books, |c c2001. | ||
| 300 | |a xxxiii, 902 p. : |b ill. ; |c 24 cm. | ||
| 500 | |a Includes index. | ||
| 650 | 0 | |a Operating systems (Computers) | |
| 700 | 1 | |a Underdahl, Brian. | |
| 856 | 4 | 2 | |u http://www.loc.gov/catdir/bios/wiley045/2001092883.html |
| 856 | 4 | 2 | |u http://www.loc.gov/catdir/description/wiley038/2001092883.html |
| 856 | 4 | 1 | |u http://www.loc.gov/catdir/toc/wiley021/2001092883.html |
| 942 | |c BK | ||
| 240 | 1 | 0 | |a Windows XP bible |
| 246 | 3 | |a Windows XP bible | |
| 630 | 0 | 0 | |a Microsoft Windows (Computer file) |
| 906 | |a 7 |b cbc |c orignew |d 2 |e epcn |f 20 |g y-gencatlg | ||
| 955 | |a pc14 06-22-01 |a pv11 2001-12-08 to ASCD |a jf00 2001-12-12 |i jf09 2002-02-06 to sl |a aa05 2002-03-11 | ||
| 999 | |c 287397 |d 287397 | ||
| 952 | |0 0 |1 0 |4 0 |6 005_446900000000000_SIM_A |7 0 |9 326264 |a FLK |b FLK |c ST1 |d 2017-01-16 |e BK |g 399.00 |i 541 |l 0 |o 005.4469 SIM/A |p FLK541 |r 2017-01-16 |w 2018-08-23 |y BK | ||